[Event "Zagreb Open 2011 Grupo A"]
[Site "Zagreb CRO"]
[Date "2011.04.11"]
[Round "1.1"]
[White "Stevic, Hrvoje"]
[Black "Smith, Bryan G"]
[Result "0-1"]
[WhiteElo "2611"]
[BlackElo "2466"]
[PlyCount "90"]
[EventDate "2011.04.11"]
[EventType "swiss"]
[EventRounds "9"]
[EventCountry "CRO"]
[Source "lmi"]
[SourceDate "2011.04.11"]

1. e4 c5 2. d3 Nc6 3. f4 g6 4. Nf3 Bg7 5. Be2 d6 6. O-O Nh6 7. c3 O-O 8. Kh1 f5
9. e5 dxe5 10. fxe5 f4 11. d4 cxd4 12. cxd4 Nf5 13. Bc4+ Kh8 14. Bxf4 Nfxd4 15.
Ng5 Bf5 16. Nc3 Nxe5 17. Bd5 Nd3 18. Be3 e6 19. Bxd4 Qxg5 20. Bxg7+ Kxg7 21.
Bxb7 Rab8 22. Ba6 Rxb2 23. Qf3 Ne5 24. Qg3 Qxg3 25. hxg3 Rd8 26. Rfe1 Nd3 27.
Re3 Nf2+ 28. Kg1 Ng4 29. Re2 Rb6 30. Bb5 Rc8 31. Ne4 Rxb5 32. Nd6 Rbc5 33. Nxc8
Rxc8 34. a4 a5 35. Rb2 h5 36. Kf1 Rc3 37. Rb7+ Kf6 38. Ra7 Bd3+ 39. Ke1 Rc2 40.
Ra3 Re2+ 41. Kd1 Ne3+ 42. Kc1 Rc2+ 43. Kb1 Rc3+ 44. Kb2 Nd1+ 45. Ka1 Rxa3# 0-1

[Event "Zagreb Open 2011 Grupo A"]
[Site "Zagreb CRO"]
[Date "2011.04.11"]
[Round "1.2"]
[White "Doric, Darko"]
[Black "Burmakin, Vladimir"]
[Result "1/2-1/2"]
[WhiteElo "2464"]
[BlackElo "2594"]
[PlyCount "99"]
[EventDate "2011.04.11"]
[EventType "swiss"]
[EventRounds "9"]
[EventCountry "CRO"]
[Source "lmi"]
[SourceDate "2011.04.11"]

1. d4 d5 2. c4 e6 3. Nc3 Nf6 4. cxd5 exd5 5. Bg5 c6 6. e3 Be7 7. Bd3 Nbd7 8.
Nge2 O-O 9. O-O h6 10. Bh4 Ne4 11. Bxe7 Qxe7 12. Bxe4 dxe4 13. Ng3 Nf6 14. f3
exf3 15. Qxf3 Bg4 16. Qf4 Rad8 17. h3 Be6 18. Rad1 Nd5 19. Nxd5 Rxd5 20. e4 Rb5
21. Rd2 Qg5 22. a3 Rd8 23. Rf3 Qxf4 24. Rxf4 Rg5 25. Kf2 c5 26. d5 Bd7 27. Nf5
Bxf5 28. exf5 g6 29. g4 gxf5 30. gxf5 Rd6 31. h4 Rg7 32. b4 cxb4 33. Rxb4 f6
34. Kf3 h5 35. Re4 Rgd7 36. Re6 Rxd5 37. Rxd5 Rxd5 38. Rxf6 Rd4 39. Rg6+ Kf7
40. Kg3 b6 41. Rh6 Rg4+ 42. Kh3 Ra4 43. Kg3 Kg7 44. Rg6+ Kf8 45. Rh6 Kf7 46.
Rc6 b5 47. Rc5 a6 48. Rc6 Rg4+ 49. Kh3 Ra4 50. Kg3 1/2-1/2

[Event "Zagreb Open 2011 Grupo A"]
[Site "Zagreb CRO"]
[Date "2011.04.11"]
[Round "1.3"]
[White "Brkic, Ante"]
[Black "Fercec, Nenad"]
[Result "1/2-1/2"]
[WhiteElo "2592"]
[BlackElo "2452"]
[PlyCount "131"]
[EventDate "2011.04.11"]
[EventType "swiss"]
[EventRounds "9"]
[EventCountry "CRO"]
[Source "lmi"]
[SourceDate "2011.04.11"]

1. e4 c5 2. Nf3 d6 3. d4 cxd4 4. Nxd4 Nf6 5. Nc3 a6 6. h3 e5 7. Nde2 h5 8. Bg5
Be6 9. Bxf6 Qxf6 10. Nd5 Qd8 11. Nec3 Nc6 12. Be2 g6 13. O-O Bh6 14. Na4 b5 15.
Nab6 Rb8 16. a4 O-O 17. axb5 axb5 18. Ra6 Kg7 19. c3 Ne7 20. Qd3 Nxd5 21. Nxd5
Qd7 22. Nb4 Bc4 23. Qd1 Qb7 24. Bxc4 bxc4 25. Qe2 Rfc8 26. Rd1 Bg5 27. Raxd6
Qb5 28. R6d5 Qe8 29. Rd7 Be7 30. Na6 Rb3 31. Nc7 Qf8 32. R1d2 Kh6 33. Qxc4 Rb7
34. Qc6 Ra7 35. b4 Bd8 36. Ne6 Ra1+ 37. Rd1 Rxc6 38. Nxf8 Rxd1+ 39. Rxd1 Be7
40. Nd7 Rxc3 41. Nxe5 f6 42. Rd7 Bxb4 43. Nd3 Ba5 44. h4 g5 45. hxg5+ fxg5 46.
Rd6+ Kh7 47. e5 Bc7 48. Rd7+ Kg6 49. Kf1 Kf5 50. Ke2 Rc2+ 51. Ke3 Bb6+ 52. Kf3
g4+ 53. Kg3 Rd2 54. Kh4 Bxf2+ 55. Kxh5 Be3 56. Rf7+ Ke6 57. Rf6+ Ke7 58. Nb4 g3
59. Kg6 Bc5 60. Nc6+ Ke8 61. e6 Rxg2 62. Rf5 Re2 63. Rxc5 g2 64. Rg5 Rxe6+ 65.
Kf5 Rxc6 66. Rxg2 1/2-1/2

[Event "Zagreb Open 2011 Grupo A"]
[Site "Zagreb CRO"]
[Date "2011.04.11"]
[Round "1.4"]
[White "Bogut, Zeljko"]
[Black "Palac, Mladen"]
[Result "1/2-1/2"]
[WhiteElo "2440"]
[BlackElo "2586"]
[PlyCount "22"]
[EventDate "2011.04.11"]
[EventType "swiss"]
[EventRounds "9"]
[EventCountry "CRO"]
[Source "lmi"]
[SourceDate "2011.04.11"]

1. e4 c5 2. Nf3 d6 3. d4 cxd4 4. Qxd4 a6 5. c4 Nc6 6. Qe3 Bg4 7. Nd4 Bd7 8. Nc3
g6 9. Nxc6 Bxc6 10. Be2 Bg7 11. O-O Nf6 1/2-1/2

[Event "Zagreb Open 2011 Grupo A"]
[Site "Zagreb CRO"]
[Date "2011.04.11"]
[Round "1.5"]
[White "Postny, Evgeny"]
[Black "Pacher, Milan"]
[Result "1-0"]
[WhiteElo "2585"]
[BlackElo "2415"]
[PlyCount "91"]
[EventDate "2011.04.11"]
[EventType "swiss"]
[EventRounds "9"]
[EventCountry "CRO"]
[Source "lmi"]
[SourceDate "2011.04.11"]

1. d4 Nf6 2. c4 e6 3. Nf3 b6 4. g3 Ba6 5. Qc2 Bb7 6. Bg2 c5 7. d5 exd5 8. cxd5
Nxd5 9. O-O Be7 10. Rd1 Nc6 11. Qf5 Nf6 12. e4 g6 13. Qf4 O-O 14. e5 Nh5 15.
Qc4 Qc7 16. Bh6 Ng7 17. Nc3 Nxe5 18. Nxe5 Bxg2 19. Bf4 d6 20. Ng4 Qb7 21. Nh6+
Kh8 22. Nxf7+ Rxf7 23. Qxf7 Rf8 24. Qc4 Rf5 25. Bxd6 Bf6 26. g4 Bh1 27. Qf1 Rf3
28. Be5 Ne6 29. Bxf6+ Rxf6 30. Ne2 Bf3 31. h3 h5 32. Rd6 hxg4 33. Rad1 Qh7 34.
Rxe6 Rxe6 35. Rd8+ Kg7 36. Rd7+ Kg8 37. Rxh7 Bxe2 38. Qc1 Kxh7 39. Qf4 Re7 40.
hxg4 c4 41. Kg2 Bd3 42. Kg3 Kg7 43. Kh4 Rf7 44. Qe5+ Kf8 45. Qb8+ Kg7 46. Kg5
1-0

[Event "Zagreb Open 2011 Grupo A"]
[Site "Zagreb CRO"]
[Date "2011.04.11"]
[Round "1.6"]
[White "Mrda, Milan"]
[Black "Gleizerov, Evgeny"]
[Result "0-1"]
[WhiteElo "2404"]
[BlackElo "2579"]
[PlyCount "52"]
[EventDate "2011.04.11"]
[EventType "swiss"]
[EventRounds "9"]
[EventCountry "CRO"]
[Source "lmi"]
[SourceDate "2011.04.11"]

1. e4 e6 2. d4 d5 3. Nc3 Nf6 4. Bg5 Be7 5. e5 Nfd7 6. Bxe7 Qxe7 7. f4 O-O 8.
Nf3 c5 9. Qd2 Nc6 10. dxc5 Nxc5 11. O-O-O a6 12. Bd3 b5 13. Rhe1 b4 14. Ne2 b3
15. axb3 Nb4 16. Nfd4 a5 17. Kb1 Ncxd3 18. cxd3 a4 19. bxa4 Rxa4 20. Nc3 Ra6
21. Ncb5 Bd7 22. Nd6 Rb8 23. Rc1 Qd8 24. Nb3 Qb6 25. Qe3 d4 26. Qxd4 Ra1+ 0-1

[Event "Zagreb Open 2011 Grupo A"]
[Site "Zagreb CRO"]
[Date "2011.04.11"]
[Round "1.7"]
[White "Greenfeld, Alon"]
[Black "Bukal, Vladimir Jr"]
[Result "1/2-1/2"]
[WhiteElo "2571"]
[BlackElo "2402"]
[PlyCount "39"]
[EventDate "2011.04.11"]
[EventType "swiss"]
[EventRounds "9"]
[EventCountry "CRO"]
[Source "lmi"]
[SourceDate "2011.04.11"]

1. d4 e6 2. Nf3 c5 3. c4 cxd4 4. Nxd4 Nf6 5. g3 Qc7 6. Nc3 a6 7. Bg2 Be7 8. O-O
O-O 9. b3 d5 10. Bb2 dxc4 11. Qc2 Bd7 12. Ne4 Rc8 13. Rac1 Qb6 14. Qd2 Be8 15.
bxc4 Nbd7 16. Bc3 Nxe4 17. Bxe4 Nc5 18. Bg2 Bf6 19. Rfd1 Rab8 20. Ba5 1/2-1/2

[Event "Zagreb Open 2011 Grupo A"]
[Site "Zagreb CRO"]
[Date "2011.04.11"]
[Round "1.9"]
[White "Gajewski, Grzegorz"]
[Black "Loncar, Robert"]
[Result "1-0"]
[WhiteElo "2567"]
[BlackElo "2394"]
[PlyCount "87"]
[EventDate "2011.04.11"]
[EventType "swiss"]
[EventRounds "9"]
[EventCountry "CRO"]
[Source "lmi"]
[SourceDate "2011.04.11"]

1. d4 Nf6 2. c4 e6 3. Nc3 Bb4 4. e3 O-O 5. Bd3 d5 6. Nf3 c5 7. O-O Nc6 8. a3
Bxc3 9. bxc3 Qc7 10. h3 Na5 11. cxd5 exd5 12. Ne5 c4 13. Bc2 Ne4 14. f3 Ng3 15.
Re1 f6 16. Ng4 f5 17. Ne5 Nc6 18. a4 Nxe5 19. dxe5 Qxe5 20. Rb1 Bd7 21. Rxb7
Bc6 22. Rb1 Rfb8 23. Rxb8+ Rxb8 24. Qd4 Re8 25. Qxe5 Rxe5 26. Ba3 Nh5 27. Bc5
a6 28. Rb1 f4 29. Kf2 fxe3+ 30. Bxe3 Re7 31. Rb8+ Kf7 32. g4 d4 33. cxd4 Nf6
34. Rb6 Rxe3 35. Rxc6 Rc3 36. Rxc4 Ra3 37. g5 Nd5 38. Be4 Ra2+ 39. Rc2 Rxc2+
40. Bxc2 Nf4 41. Ke3 Nd5+ 42. Ke4 Nb4 43. Bb3+ Ke7 44. f4 1-0

[Event "Zagreb Open 2011 Grupo A"]
[Site "Zagreb CRO"]
[Date "2011.04.11"]
[Round "1.10"]
[White "Zelic, Zdravko"]
[Black "Jankovic, Alojzije"]
[Result "1/2-1/2"]
[WhiteElo "2391"]
[BlackElo "2563"]
[PlyCount "131"]
[EventDate "2011.04.11"]
[EventType "swiss"]
[EventRounds "9"]
[EventCountry "CRO"]
[Source "lmi"]
[SourceDate "2011.04.11"]

1. e4 c5 2. Nf3 Nc6 3. d4 cxd4 4. Nxd4 Nf6 5. Nc3 d6 6. Bg5 Qa5 7. Bxf6 gxf6 8.
Nb3 Qc7 9. Qh5 e6 10. f4 a6 11. f5 Ke7 12. O-O-O Bd7 13. Kb1 b5 14. a3 Rb8 15.
Be2 b4 16. axb4 Nxb4 17. fxe6 fxe6 18. Rd2 Be8 19. Qh4 Bg7 20. Rhd1 Rb6 21. Na5
Bg6 22. Nc4 Rc6 23. Rxd6 Rxd6 24. Rxd6 Rd8 25. Rxd8 Qxd8 26. Qf2 Qc7 27. Qd4
Bf8 28. g3 Kf7 29. Na4 h5 30. Bd3 h4 31. Qb6 Qxb6 32. Naxb6 Nxd3 33. cxd3 h3
34. Na4 Bb4 35. Nc3 Bc5 36. Nd2 Bh5 37. Kc2 Kg6 38. Nf1 Kg5 39. Kd2 Bf3 40. Ne3
Bd6 41. Nf1 Be5 42. Ke3 Bg2 43. d4 Bb8 44. Ke2 a5 45. Kf2 Ba7 46. Nb5 Bb6 47.
Nd2 Bd8 48. Ke3 Kg4 49. Kf2 Be7 50. Nc4 Bxe4 51. Nxa5 Bd3 52. Nc3 Kf5 53. Nb3
e5 54. dxe5 fxe5 55. Nd5 Bf8 56. Ne3+ Kg5 57. Nd2 e4 58. Nb3 Bg7 59. Nc5 Bxb2
60. Ne6+ Kf6 61. Nf4 Bd4 62. Nxh3 Bb5 63. Nf4 Bc4 64. h4 Ke5 65. Ne2 Bc5 66.
Nf4 1/2-1/2

[Event "Zagreb Open 2011 Grupo A"]
[Site "Zagreb CRO"]
[Date "2011.04.11"]
[Round "1.11"]
[White "Banusz, Tamas"]
[Black "Rogulj, Branko"]
[Result "1/2-1/2"]
[WhiteElo "2563"]
[BlackElo "2391"]
[PlyCount "57"]
[EventDate "2011.04.11"]
[EventType "swiss"]
[EventRounds "9"]
[EventCountry "CRO"]
[Source "lmi"]
[SourceDate "2011.04.11"]

1. Nf3 Nf6 2. c4 g6 3. g3 Bg7 4. Bg2 O-O 5. O-O d5 6. cxd5 Nxd5 7. Nc3 c5 8. d4
cxd4 9. Nxd4 Nb4 10. Ndb5 N8c6 11. Bf4 e5 12. Be3 Nd4 13. Qa4 Nbc6 14. Bxd4
exd4 15. Rfd1 Bd7 16. Nd5 Ne7 17. Qb3 Nxd5 18. Qxd5 Bxb5 19. Qxb5 Qe7 20. Rac1
Rab8 21. Bf3 Rfd8 22. Rc4 Rbc8 23. Rdc1 Rxc4 24. Rxc4 b6 25. Rc6 d3 26. exd3
Qe1+ 27. Kg2 Qd2 28. Qc4 Qxd3 29. Qxd3 1/2-1/2

[Event "Zagreb Open 2011 Grupo A"]
[Site "Zagreb CRO"]
[Date "2011.04.11"]
[Round "1.12"]
[White "Armanda, Ivica"]
[Black "Bosiocic, Marin"]
[Result "1/2-1/2"]
[WhiteElo "2389"]
[BlackElo "2561"]
[PlyCount "77"]
[EventDate "2011.04.11"]
[EventType "swiss"]
[EventRounds "9"]
[EventCountry "CRO"]
[Source "lmi"]
[SourceDate "2011.04.11"]

1. e4 e5 2. Nf3 Nc6 3. Bc4 Bc5 4. d3 Nf6 5. O-O d6 6. c3 O-O 7. Bb3 Bb6 8. Nbd2
Ne7 9. Nc4 Ng6 10. Re1 h6 11. a4 c6 12. d4 Bc7 13. Bc2 Re8 14. dxe5 dxe5 15.
Qe2 Nh5 16. g3 Be6 17. Rd1 Qc8 18. Ne1 Nf6 19. Ne3 a5 20. N1g2 Bb6 21. Nf5 Bxf5
22. exf5 Ne7 23. Be3 Bxe3 24. Nxe3 e4 25. Nc4 Qxf5 26. Nd6 Qh3 27. Bxe4 Ned5
28. Nxe8 Rxe8 29. Rd4 c5 30. Rxd5 Nxd5 31. Qf3 Nf6 32. Bf5 Qh5 33. Qxh5 Nxh5
34. b4 g6 35. Bd3 Rd8 36. Be4 Nf6 37. Bxb7 cxb4 38. cxb4 Rb8 39. Bc6 1/2-1/2

[Event "Zagreb Open 2011 Grupo A"]
[Site "Zagreb CRO"]
[Date "2011.04.11"]
[Round "1.13"]
[White "Zelcic, Robert"]
[Black "Sale, Srdan"]
[Result "1-0"]
[WhiteElo "2550"]
[BlackElo "2380"]
[PlyCount "83"]
[EventDate "2011.04.11"]
[EventType "swiss"]
[EventRounds "9"]
[EventCountry "CRO"]
[Source "lmi"]
[SourceDate "2011.04.11"]

1. e4 c5 2. Nf3 e6 3. Nc3 Nc6 4. d4 cxd4 5. Nxd4 Qc7 6. Be2 a6 7. O-O Nf6 8. a4
Bb4 9. Bg5 Bxc3 10. Bxf6 gxf6 11. bxc3 Ne7 12. Qd2 d5 13. Rfd1 dxe4 14. Bb5+
Kf8 15. Qh6+ Kg8 16. Qxf6 h6 17. Bc4 Rh7 18. Rd2 Rg7 19. Rad1 Rg6 20. Nb5 Qxh2+
21. Kxh2 Rxf6 22. Rd8+ Kh7 23. Nd6 Rf4 24. Re8 Nf5 25. Rxc8 Rxc8 26. Nxc8 Rxf2
27. Bb3 Rxg2+ 28. Kxg2 Ne3+ 29. Kg3 Nxd1 30. Nd6 Nxc3 31. Nxf7 Kg6 32. Nd6 Kg5
33. a5 h5 34. Bxe6 Ne2+ 35. Kf2 Nd4 36. Bd5 Kf4 37. Nxe4 Nxc2 38. Bxb7 Nd4 39.
Nc5 Ke5 40. Ke3 Nc6 41. Bxc6 Kd6 42. Nxa6 1-0

[Event "Zagreb Open 2011 Grupo A"]
[Site "Zagreb CRO"]
[Date "2011.04.11"]
[Round "1.15"]
[White "Papp, Gabor"]
[Black "Brumen, Dinko"]
[Result "1-0"]
[WhiteElo "2539"]
[BlackElo "2351"]
[PlyCount "149"]
[EventDate "2011.04.11"]
[EventType "swiss"]
[EventRounds "9"]
[EventCountry "CRO"]
[Source "lmi"]
[SourceDate "2011.04.11"]

1. e4 e6 2. d4 d5 3. Nd2 Nf6 4. e5 Nfd7 5. f4 c5 6. c3 Nc6 7. Ndf3 a5 8. Bd3 a4
9. Ne2 Be7 10. O-O Nb6 11. Be3 c4 12. Bc2 a3 13. b3 Bd7 14. g4 g6 15. h3 Qc7
16. Kg2 Na7 17. b4 O-O-O 18. Bf2 h5 19. Rh1 Rdg8 20. Bh4 Bxh4 21. Nxh4 hxg4 22.
hxg4 g5 23. Nf3 gxf4 24. Rxh8 Rxh8 25. Nxf4 Qd8 26. Rc1 Nc6 27. Qd2 Kb8 28. Rf1
Qg8 29. g5 Na7 30. Rh1 Rxh1 31. Kxh1 Ba4 32. Bb1 Be8 33. Kg2 Na4 34. Bc2 Nb2
35. Ne2 Ba4 36. Bb1 Bd1 37. Ng3 Bxf3+ 38. Kxf3 Nb5 39. Bc2 Qh8 40. Kg4 Ka7 41.
Nh5 Qc8 42. Nf4 Qh8 43. Nh5 Qc8 44. Ng3 Kb6 45. Ne2 Qg8 46. Qe3 Ka7 47. Qf3 Kb6
48. Qh3 Qe8 49. Kf4 Qc8 50. Qh7 Qf8 51. Ke3 Ka7 52. Kd2 Kb6 53. Qh6 Qg8 54. Qf6
Nd3 55. Qe7 Qh7 56. Qd8+ Kc6 57. Ba4 Nxe5 58. Qc8+ Kd6 59. Qc5+ Kd7 60. Qxb5+
Kc7 61. Qa5+ Kc8 62. dxe5 Qd3+ 63. Ke1 Qb1+ 64. Bd1 Qxa2 65. b5 Qb2 66. b6 Kd8
67. Qa8+ Ke7 68. Qxb7+ Kf8 69. Qa8+ Kg7 70. b7 a2 71. b8=Q Qxb8 72. Qxb8 a1=Q
73. Qd8 Qb1 74. Qf6+ Kg8 75. g6 1-0

[Event "Zagreb Open 2011 Grupo A"]
[Site "Zagreb CRO"]
[Date "2011.04.11"]
[Round "1.16"]
[White "Kristovic, Marijan"]
[Black "Petrov, Marijan"]
[Result "0-1"]
[WhiteElo "2320"]
[BlackElo "2534"]
[PlyCount "106"]
[EventDate "2011.04.11"]
[EventType "swiss"]
[EventRounds "9"]
[EventCountry "CRO"]
[Source "lmi"]
[SourceDate "2011.04.11"]

1. e4 c5 2. Nf3 Nc6 3. c3 Nf6 4. Qc2 e6 5. Be2 Be7 6. O-O O-O 7. Re1 b6 8. Bf1
Bb7 9. d3 e5 10. Bg5 h6 11. Bh4 d6 12. Na3 Rc8 13. Nc4 Nh7 14. Bxe7 Nxe7 15. a4
Qd7 16. Ne3 f5 17. c4 Nf6 18. Nd5 Nc6 19. exf5 Nxd5 20. cxd5 Nb4 21. Qd2 Qxf5
22. d4 exd4 23. Re7 Bxd5 24. Nxd4 cxd4 25. Qxd4 Qf6 26. Qxf6 Rxf6 27. Rxa7 Rc2
28. f3 Rf7 29. Rxf7 Kxf7 30. a5 bxa5 31. Rxa5 Rxb2 32. Ra7+ Kf6 33. Rd7 Be6 34.
Rxd6 Nd5 35. Bc4 Ke5 36. Rc6 Nf4 37. Bxe6 Nxe6 38. Rc3 Nf4 39. Re3+ Kf5 40. g3
Nh3+ 41. Kh1 Rf2 42. Ra3 Ng5 43. Ra5+ Kg6 44. Ra6+ Kh7 45. Kg1 Rxf3 46. Kg2 Rd3
47. Ra2 Ne4 48. Ra4 Rd2+ 49. Kg1 Ng5 50. h4 Nf3+ 51. Kf1 h5 52. Ra5 g6 53. Ra3
Nd4 0-1

[Event "Zagreb Open 2011 Grupo A"]
[Site "Zagreb CRO"]
[Date "2011.04.11"]
[Round "1.17"]
[White "Ulibin, Mikhail"]
[Black "Kantorik, Marian"]
[Result "1-0"]
[WhiteElo "2521"]
[BlackElo "2320"]
[PlyCount "129"]
[EventDate "2011.04.11"]
[EventType "swiss"]
[EventRounds "9"]
[EventCountry "CRO"]
[Source "lmi"]
[SourceDate "2011.04.11"]

1. e4 c6 2. d4 d5 3. exd5 cxd5 4. Bd3 Nf6 5. h3 Nc6 6. c3 e6 7. Nf3 Be7 8. O-O
O-O 9. Bf4 b6 10. Re1 Bb7 11. Nbd2 a5 12. a4 Ba6 13. Bc2 Rc8 14. Ne5 Nd7 15.
Ndf3 Ndxe5 16. dxe5 g6 17. Bh6 Re8 18. Qd2 f5 19. exf6 Bxf6 20. Ng5 Ne5 21. Qf4
Bd3 22. Rxe5 Bxc2 23. Rxe6 Rxe6 24. Nxe6 Qe7 25. Bg5 Qxe6 26. Qxf6 Qxf6 27.
Bxf6 Rb8 28. b4 axb4 29. cxb4 Ra8 30. Rc1 Kf7 31. Bd4 Bxa4 32. Rc7+ Ke6 33.
Rxh7 b5 34. Rb7 Rc8 35. g4 Rc4 36. Rb6+ Kf7 37. Bc5 Rc3 38. Kg2 d4 39. Bxd4 Rd3
40. Rb7+ Ke6 41. Rb6+ Kf7 42. Be5 Rd5 43. Bd6 Bd1 44. Kg3 Be2 45. f4 Bf1 46.
Kh4 Rd3 47. Be5 Rxh3+ 48. Kg5 Bd3 49. Rf6+ Ke7 50. Bd6+ Kd7 51. Bc5 Ke8 52.
Re6+ Kf7 53. Re7+ Kg8 54. Re8+ Kf7 55. Re7+ Kg8 56. Kf6 Rg3 57. Re8+ Kh7 58. g5
Rf3 59. Bd6 Bf5 60. Ke7 Rc3 61. Rb8 Bc8 62. Rxb5 Re3+ 63. Be5 Re4 64. Rb8 Rc4
65. b5 1-0

[Event "Zagreb Open 2011 Grupo A"]
[Site "Zagreb CRO"]
[Date "2011.04.11"]
[Round "1.18"]
[White "Ivekovic, Zvonimir"]
[Black "Martinovic, Sasa"]
[Result "0-1"]
[WhiteElo "2308"]
[BlackElo "2504"]
[PlyCount "128"]
[EventDate "2011.04.11"]
[EventType "swiss"]
[EventRounds "9"]
[EventCountry "CRO"]
[Source "lmi"]
[SourceDate "2011.04.11"]

1. e4 e6 2. d4 d5 3. Nc3 Bb4 4. Bd2 dxe4 5. Qg4 Nf6 6. Qxg7 Rg8 7. Qh6 Qxd4 8.
O-O-O Bf8 9. Qh4 Rg4 10. Qh3 Qxf2 11. Be2 Rh4 12. Qxh4 Qxh4 13. g3 Qh6 14. Bxh6
Bxh6+ 15. Kb1 Nc6 16. Nh3 e5 17. Nf2 Nd4 18. Nfxe4 Nxe4 19. Nxe4 Nxe2 20. Rhe1
Nd4 21. Nf6+ Kf8 22. Rxe5 Ne6 23. Rf1 Bg7 24. Nxh7+ Kg8 25. Nf6+ Bxf6 26. Rxf6
Bd7 27. h4 Bc6 28. b3 Rd8 29. Ref5 Be8 30. Kc1 Rd4 31. Rf3 Rg4 32. Re3 Bc6 33.
Kd1 Be4 34. Re1 Kg7 35. Ref1 Bg6 36. R6f3 Nd4 37. Rf4 Rxf4 38. Rxf4 Nf5 39. Ke1
Nxg3 40. Rd4 Bf5 41. Kf2 Ne4+ 42. Kf3 Nc5 43. c4 Ne6 44. Rd2 Bg6 45. b4 f5 46.
c5 Kf6 47. Rd7 Bh5+ 48. Kf2 f4 49. Rh7 Bg6 50. Rh8 Be4 51. a4 a5 52. bxa5 Nxc5
53. Rf8+ Kg7 54. Rc8 Nd3+ 55. Kf1 c5 56. Re8 Bc6 57. Rd8 Bxa4 58. Rc8 f3 59.
Rc7+ Kf6 60. Rxb7 Bd1 61. Rb1 Be2+ 62. Kg1 Nb4 63. Kf2 Kf5 64. Rg1 Kf4 0-1

[Event "Zagreb Open 2011 Grupo A"]
[Site "Zagreb CRO"]
[Date "2011.04.11"]
[Round "1.19"]
[White "Petkov, Vladimir"]
[Black "Banas, Jan"]
[Result "1-0"]
[WhiteElo "2493"]
[BlackElo "2306"]
[PlyCount "101"]
[EventDate "2011.04.11"]
[EventType "swiss"]
[EventRounds "9"]
[EventCountry "CRO"]
[Source "lmi"]
[SourceDate "2011.04.11"]

1. Nf3 Nf6 2. c4 c5 3. Nc3 b6 4. g3 Bb7 5. Bg2 g6 6. O-O Bg7 7. Re1 Ne4 8. Nd5
e6 9. Nc3 O-O 10. Nxe4 Bxe4 11. d3 Bb7 12. Bg5 Qc7 13. Qd2 d6 14. Bh6 Nd7 15.
Bxg7 Kxg7 16. d4 Rad8 17. Rad1 Nf6 18. b3 Rfe8 19. Qb2 Qe7 20. Rd2 Kg8 21. Red1
a6 22. dxc5 bxc5 23. e3 Be4 24. Ng5 Bxg2 25. Kxg2 h6 26. Nh3 e5 27. f3 Qc7 28.
Nf2 Rd7 29. e4 h5 30. Rd3 Kg7 31. Qd2 Red8 32. h3 Qc6 33. Qe3 Ne8 34. f4 exf4
35. gxf4 Nf6 36. Qf3 a5 37. e5 Qxf3+ 38. Kxf3 dxe5 39. fxe5 Rxd3+ 40. Rxd3 Nd7
41. Kf4 Kf8 42. Ne4 Ke7 43. Rd6 a4 44. bxa4 Ra8 45. Nc3 Ra5 46. h4 Nf8 47. Ke4
Ne6 48. Rb6 Nd4 49. Rb7+ Ke6 50. Nd5 Nf5 51. Nf4# 1-0

[Event "Zagreb Open 2011 Grupo A"]
[Site "Zagreb CRO"]
[Date "2011.04.11"]
[Round "1.20"]
[White "Franciskovic, Borka"]
[Black "Saric, Ante"]
[Result "1/2-1/2"]
[WhiteElo "2302"]
[BlackElo "2491"]
[PlyCount "176"]
[EventDate "2011.04.11"]
[EventType "swiss"]
[EventRounds "9"]
[EventCountry "CRO"]
[Source "lmi"]
[SourceDate "2011.04.11"]

1. Nf3 Nf6 2. g3 b5 3. Bg2 Bb7 4. d4 e6 5. O-O c5 6. Bg5 d5 7. a4 b4 8. c3 Na6
9. cxb4 Nxb4 10. Nc3 Rc8 11. dxc5 Bxc5 12. Ne5 h6 13. Bf4 O-O 14. Nd3 Nxd3 15.
Qxd3 Qb6 16. Qb5 Ba6 17. Qxb6 Bxb6 18. Bf3 Bd4 19. Bd2 Rb8 20. Rfb1 Rfc8 21. e3
Be5 22. Nb5 Bxb5 23. axb5 Rxb5 24. Rxa7 Rxb2 25. Rxb2 Bxb2 26. Ra2 Be5 27. Kg2
g5 28. h3 Rb8 29. Rc2 Kg7 30. Ba5 Ra8 31. Bb4 Ra4 32. Be7 Ng8 33. Bd8 Ra8 34.
Bb6 Nf6 35. Bc5 Rc8 36. Bd1 Nd7 37. Bb4 Rb8 38. Bd2 Nb6 39. Be2 Ra8 40. Bb5 Rc8
41. Rxc8 Nxc8 42. f4 Nd6 43. Bd3 Bb2 44. Bb4 Ne4 45. Kf3 Bc3 46. Be7 f5 47.
fxg5 hxg5 48. g4 Kf7 49. Bd8 Bf6 50. Bb6 Ke7 51. Ba6 Kd6 52. gxf5 exf5 53. Bc8
Kc6 54. Ba7 Nd6 55. Be6 Be5 56. Bb8 Nc4 57. Ba7 f4 58. exf4 Bxf4 59. Bd4 Kd6
60. Bc8 Be5 61. Be3 Bf6 62. Ba6 Ne5+ 63. Kg3 Nf7 64. Kg4 Ke5 65. Bf2 Ke4 66.
Kh5 Ne5 67. Bg3 Nd3 68. h4 gxh4 69. Bxh4 Nf4+ 70. Kg4 Bxh4 71. Kxh4 d4 72. Kg4
Ke3 73. Kg5 Nd5 74. Kh6 Nc7 75. Bc4 Kd2 76. Kh7 Kc3 77. Bf1 Nd5 78. Kh8 Ne3 79.
Be2 Nc4 80. Kg8 Nd6 81. Kh7 Ne4 82. Kh8 Nc5 83. Kg8 Nd3 84. Kh7 Kd2 85. Bf1 Nc1
86. Bb5 Ne2 87. Kg8 Nc3 88. Ba6 Nd5 1/2-1/2

[Event "Zagreb Open 2011 Grupo A"]
[Site "Zagreb CRO"]
[Date "2011.04.11"]
[Round "1.21"]
[White "Jovanic, Ognjen"]
[Black "Dutina, Dario"]
[Result "1-0"]
[WhiteElo "2480"]
[BlackElo "2282"]
[PlyCount "115"]
[EventDate "2011.04.11"]
[EventType "swiss"]
[EventRounds "9"]
[EventCountry "CRO"]
[Source "lmi"]
[SourceDate "2011.04.11"]

1. d4 e6 2. c4 f5 3. Nf3 d5 4. Bf4 Nf6 5. Nc3 c6 6. e3 Be7 7. h3 O-O 8. Qc2 Ne4
9. Be2 Nd7 10. g4 Nxc3 11. bxc3 b6 12. gxf5 exf5 13. Rg1 Kh8 14. O-O-O Ba6 15.
Ng5 Ba3+ 16. Kd2 Qe7 17. Qa4 Bxc4 18. Bxc4 dxc4 19. Qxc4 Rf6 20. Nf3 b5 21. Qb3
Rff8 22. Ne5 Nxe5 23. Bxe5 Rg8 24. f4 Bd6 25. Rdf1 a5 26. Ke2 a4 27. Qc2 Raf8
28. Rf3 Qe6 29. Kf2 Rf7 30. Rg5 Rgf8 31. Qd2 Qd5 32. Kg3 c5 33. h4 b4 34. cxb4
cxb4 35. Rf2 b3 36. axb3 axb3 37. h5 Ra8 38. h6 Bxe5 39. dxe5 Qxd2 40. Rxd2
gxh6 41. Rh5 Rb7 42. Rhh2 Kg7 43. Kf3 Rab8 44. Rb2 Rc8 45. Rbg2+ Kf8 46. Rxh6
Rcc7 47. Rhh2 Rg7 48. Rb2 Rg1 49. Rhd2 Ra1 50. Rd8+ Kf7 51. Rd3 Ra3 52. e4
fxe4+ 53. Kxe4 Ra4+ 54. Kf5 Rab4 55. Rd8 Rc4 56. Rh2 Kg7 57. Rg2+ Kf7 58. Rdg8
1-0

[Event "Zagreb Open 2011 Grupo A"]
[Site "Zagreb CRO"]
[Date "2011.04.11"]
[Round "1.22"]
[White "Zelic, Mladen"]
[Black "Drazic, Sinisa"]
[Result "0-1"]
[WhiteElo "2274"]
[BlackElo "2467"]
[PlyCount "46"]
[EventDate "2011.04.11"]
[EventType "swiss"]
[EventRounds "9"]
[EventCountry "CRO"]
[Source "lmi"]
[SourceDate "2011.04.11"]

1. e4 Nc6 2. d4 d6 3. Nc3 a6 4. f4 d5 5. e5 Nh6 6. Be3 Ng4 7. Qd2 Bf5 8. O-O-O
e6 9. Nf3 Nxe3 10. Qxe3 Be7 11. h3 Qd7 12. g4 Bg6 13. Bd3 Nb4 14. Bxg6 fxg6 15.
h4 O-O-O 16. h5 gxh5 17. Rxh5 g6 18. Rh3 Rdf8 19. Rdh1 Rf7 20. f5 gxf5 21. gxf5
Rxf5 22. Rxh7 Rxh7 23. Rxh7 Rxf3 0-1

[Event "Zagreb Open 2011 Grupo A"]
[Site "Zagreb CRO"]
[Date "2011.04.11"]
[Round "1.23"]
[White "Kovacevic, Blazimir"]
[Black "Efroimski, Marsel"]
[Result "1/2-1/2"]
[WhiteElo "2466"]
[BlackElo "2222"]
[PlyCount "38"]
[EventDate "2011.04.11"]
[EventType "swiss"]
[EventRounds "9"]
[EventCountry "CRO"]
[Source "lmi"]
[SourceDate "2011.04.11"]

1. Nf3 Nf6 2. c4 g6 3. Nc3 d5 4. cxd5 Nxd5 5. Qa4+ Nc6 6. Ne5 Qd6 7. Nxc6 bxc6
8. g3 Bg7 9. Bg2 O-O 10. O-O Bd7 11. Qa5 Rab8 12. b3 Nxc3 13. dxc3 Rb5 14. Qxa7
Bxc3 15. Bh6 Ra5 16. Qb7 Rb5 17. Qa6 Ra5 18. Qb7 Rb5 19. Qa7 Ra5 1/2-1/2

[Event "Zagreb Open 2011 Grupo A"]
[Site "Zagreb CRO"]
[Date "2011.04.12"]
[Round "2.1"]
[White "Petrov, Marijan"]
[Black "Postny, Evgeny"]
[Result "1/2-1/2"]
[WhiteElo "2534"]
[BlackElo "2585"]
[PlyCount "25"]
[EventDate "2011.04.11"]
[EventType "swiss"]
[EventRounds "9"]
[EventCountry "CRO"]
[Source "lmi"]
[SourceDate "2011.04.11"]

1. e4 c6 2. d4 d5 3. Nc3 dxe4 4. Nxe4 Bf5 5. Ng3 Bg6 6. Nf3 Nd7 7. Bd3 e6 8.
O-O Ngf6 9. c4 Bd6 10. b3 Qa5 11. Bd2 Qc7 12. Bc3 O-O 13. Bxg6 1/2-1/2